The Trojan War and the adventures of Odysseus
Αποθηκεύτηκε σε:
| Κύριος συγγραφέας: | |
|---|---|
| Άλλοι συγγραφείς: | |
| Μορφή: | Βιβλίο |
| Γλώσσα: | English |
| Δημοσίευση: |
New York :
William Morrow,
1997
|
| Σειρά: | Books of wonder
|
| Θέματα: | |
| Ετικέτες: |
Προσθήκη ετικέτας
Δεν υπάρχουν, Καταχωρήστε ετικέτα πρώτοι!
|
MARC
| LEADER | 00000nam a2200000 i 4500 | ||
|---|---|---|---|
| 001 | 1/94977 | ||
| 008 | 991202s1997 eng d | ||
| 020 | |a 0-688-14588-4 | ||
| 035 | |l 10055084 | ||
| 040 | |a GR-MY-UA |b gre |e aacr | ||
| 041 | 0 | |a eng | |
| 082 | 0 | |a 883.01 | |
| 100 | 1 | |a Colum, Padraic |d 1881-1972. | |
| 245 | 1 | 4 | |a The Trojan War and the adventures of Odysseus / |c Padraic Colum ; illustrated by Barry Moser |
| 260 | |a New York : |b William Morrow, |c 1997 | ||
| 300 | |a 177 p. | ||
| 490 | 1 | |a Books of wonder | |
| 650 | 0 | 0 | |a Odysseus (Greek mythology) |x Juvenile literature. |
| 650 | 0 | 0 | |a Trojan War |x Juvenile literature. |
| 650 | 0 | 0 | |a Achilles (Greek mythology) |x Juvenile literature. |
| 650 | 0 | 0 | |a Mythology, Greek |x Juvenile literature. |
| 650 | 0 | 0 | |a Odysseus (Greek mythology) |
| 650 | 0 | 0 | |a Trojan War. |
| 650 | 0 | 0 | |a Achilles (Greek mythology) |
| 650 | 0 | 0 | |a Mythology, Greek. |
| 700 | 1 | |a Moser, Barry. |4 ill | |
| 830 | 0 | |a Books of wonder | |
| 852 | |a INST |b RHODES |e 19991202 |h 883.01 COL |p 005400014208 |q 005400014208 |t BK |y 0 | ||
| 901 | |a BIBL4-1999-3 | ||
| 909 | |a Ρ |b 065875 | ||
| 922 | |a 4ΕΛΗ |b 199905 |c ΚΠΣ/154 |d GLORY BOOKS | ||
| 970 | |a ΚΟΥΛΑΚΙΟΤΗ |b ΛΙΤΣΑ |z 1999/12/02 | ||